[Event "THA Amatuer-ch"]
[White "Buranasing, Wanawee"]
[Black "Pheephacharakan, Pinatpong"]
[Site "Thailand"]
[Round "3"]
[Result "0-1"]
[Date "2019.02.18"]
[WhiteElo "1285"]
[BlackElo "1843"]
[PlyCount "70"]
[EventDate "2019.02.16"]
[EventType "swiss"]
[EventRounds "7"]
[EventCountry "THA"]
[SourceTitle "CBM 189 Extra"]
[Source "ChessBase"]
[SourceDate "2019.05.31"]
[SourceVersion "1"]
[SourceVersionDate "2019.05.31"]
[SourceQuality "1"]

1. d4 Nf6 2. c4 c5 3. d5 b5 4. cxb5 a6 5. e3 g6 6. Nc3 Bg7 7. Bd3 0-0 8. Nge2 d6 9. 0-0 axb5 10. Nxb5 Nbd7 11. Nbc3 Ba6 12. f4 Qa5 13. Bxa6 Rxa6 14. Rb1 Rc8 15. a3 c4 16. Bd2 Nxd5 17. Nxd5 Qxd5 18. Bc3 Qxd1 19. Rfxd1 Nc5 20. Bxg7 Kxg7 21. Nc3 f5 22. h3 e6 23. g4 d5 24. Rd2 Rb6 25. Rg2 Kf6 26. g5+ Ke7 27. h4 Rb3 28. h5 Rcb8 29. hxg6 hxg6 30. Rh2 Rxc3 31. Rh7+ Kd6 32. Rg7 Rxe3 33. Rxg6 c3 34. Kf2 Rxb2+ 35. Kxe3 Rxb1 0-1